Electrical and electronics engineering materials: (Record no. 20600)

MARC details
000 -LEADER
fixed length control field 00612nam a22002177a 4500
003 - CONTROL NUMBER IDENTIFIER
control field OSt
005 - DATE AND TIME OF LATEST TRANSACTION
control field 20250203144720.0
008 - FIXED-LENGTH DATA ELEMENTS--GENERAL INFORMATION
fixed length control field 250203b |||||||| |||| 00| 0 eng d
020 ## - INTERNATIONAL STANDARD BOOK NUMBER
International Standard Book Number 9788189757137
040 ## - CATALOGING SOURCE
Original cataloging agency KABU
Transcribing agency KABU
050 ## - LIBRARY OF CONGRESS CALL NUMBER
Classification number TK145
Item number .G87
100 ## - MAIN ENTRY--PERSONAL NAME
Relator code Gupta, J.B.
245 ## - TITLE STATEMENT
Title Electrical and electronics engineering materials:
Remainder of title for engineering students /by
Statement of responsibility, etc. J.B. Gupta & Renu Gupta
250 ## - EDITION STATEMENT
Edition statement 4th ed.
260 ## - PUBLICATION, DISTRIBUTION, ETC. (IMPRINT)
Place of publication, distribution, etc. New Delhi:
Name of publisher, distributor, etc. S.K. Kataria & Sons,
Date of publication, distribution, etc. 2011
300 ## - PHYSICAL DESCRIPTION
Extent 343p.
Other physical details ill.
650 ## - SUBJECT ADDED ENTRY--TOPICAL TERM
Topical term or geographic name as entry element Electric engineering
650 ## - SUBJECT ADDED ENTRY--TOPICAL TERM
Topical term or geographic name as entry element Electronics
700 ## - ADDED ENTRY--PERSONAL NAME
Personal name Gupta, Renu
942 ## - ADDED ENTRY ELEMENTS (KOHA)
Source of classification or shelving scheme Library of Congress Classification
Koha item type General Collection
Holdings
Withdrawn status Lost status Source of classification or shelving scheme Not for loan Home library Current library Shelving location Date acquired Cost, normal purchase price Inventory number Total Checkouts Full call number Barcode Date last seen Copy number Price effective from Koha item type
    Library of Congress Classification   Kabarak, Main Campus Kabarak, Main Campus General Stacks 03/02/2025 3200.00 2025/2080   TK145 .G87 2011 C.2 33458 03/02/2025 C.2 03/02/2025 General Collection
    Library of Congress Classification   Kabarak, Nakuru City Campus Kabarak, Nakuru City Campus General Stacks 03/02/2025 3200.00 2025/2081   TK145 .G87 2011 C.1 33457 03/02/2025 C.1 03/02/2025 General Collection
Designed with assistance from East African Informatics Ltd